00330nam a2200145Ia 4500008004100000020001500041041001200056082001600068100001500084245003700099250000800136260002500144300000800169650000700177221030s9999 xx 000 0 und d a8120323610 aEnglish a105.23bBel aD. A. Bell 0aElectric Circuitscby D. A. Bell a6th bPHIaNew Delhic2006 a867 aEE